| 000 | 00798nam a2200205 a 4500 | ||
|---|---|---|---|
| 005 | 20140412111226.0 | ||
| 008 | 020412s19uu xx 00 eng d | ||
| 020 | _a0-89565-319-2 | ||
| 050 |
_aTR(GS 513 _bM74 1985 |
||
| 100 | _aMoncure, Jane Belk | ||
| 245 |
_aMy eight book / _cby Jane Belk Moncure; illustrated by Linda Hohag. |
||
| 260 |
_aElgin, Illinois : _bThe Child's World, _c1985. |
||
| 300 | _a32 p. ; ill. | ||
| 440 | _aMy number book--My first steps to math | ||
| 520 | _aLittle Eight introduces the concept of "eight" by interacting with eight of a number of things, some of which are grouped to further expose the reader to subtracting and dividing. | ||
| 650 |
_aEight (the number) _xJuvenile literature |
||
| 650 | _aNumber concept | ||
| 650 | _aCounting | ||
| 999 |
_c102059 _d102059 |
||